| 000 | 00551cam a2200205ua 4500 | ||
|---|---|---|---|
| 001 | 4070 | ||
| 008 | 111220n ii |||gr||||Z||||||eng | ||
| 020 | _a978-0-07-070208-0 | ||
| 040 | _cMAIN | ||
| 082 | _a005.82 | ||
| 100 | _aForouzan, Behrouz A., | ||
| 245 | 1 | 1 |
_aCryptography and network security _cby Behrouz A. Forouzan |
| 250 | _a2nd. | ||
| 260 |
_aNew Delhi: _bMc Graw Hill, _c2011. |
||
| 300 |
_a702p: _c25cm. |
||
| 653 | _aComputer science | ||
| 653 | _aCryptography and network security | ||
| 700 | _aMukhopadhyay, Debdeep, | ||
| 942 | _cBK | ||
| 999 |
_c3892 _d3892 |
||